000 00446cas a2200157 4500
008 120222n eng u
022 _a00328790
035 _a(Sirsi) a175570
050 _aPN2.P7I5
245 _aPrism International
260 _aVancouver
_bDepartment Creative Writing
310 _aBi-annual
362 _aVol. 1, 1959 - Vol. 17, 1978
520 _aPublishes articles on contemporary writing
650 _aContemporary Writing
999 _c9334
_d9334